000 00934nam a22002897a 4500
001 4941
003 FISKH
005 20241125134310.0
008 241025b cb ||||| |||| 00| 0 eng d
020 _a9780140374247
040 _aFISKH
_beng
_cFISKH
_dFISKH
050 _aPZ8.D137
082 _a823.914
100 _aDahl, Roald
245 _aJames and the Giant Peach /
_cby Roald Dahl : illustrated by Lane Smith
250 _aFirst published in Puffin Books, 1988
260 _aNew York :
_bPuffin Books ;
_c1961 .
300 _a126 pages :
_billustrations ;
_c20 cm .
505 _aS
520 _aA young boy escapes from two wicked aunts and embarks on a series of adventures with six giant insects he meets inside a giant peach.
521 8 _a790
_bLexile
521 8 _aS
_bLexile
650 _achildren's
_vfiction
700 _aSmith, Lane
_eillustrator
942 _2ddc
_cBK
_n0
999 _c4941
_d4941